| 000 | 01481nam a2200397 c 4500 | ||
|---|---|---|---|
| 003 | BLK | ||
| 005 | 20240607152639.0 | ||
| 008 | 180408b bul|||||r ||||||| ||bul|| | ||
| 010 | _aKNG00052843000 | ||
| 040 | _aBLK | ||
| 041 |
_aRUS _cRUS |
||
| 080 |
_aСкулптори _b730.071.1 _x(430)(092) _z730.071.1(430)(092) |
||
| 080 |
_aГрафици _b76.071.1 _x(430)(092) _z76.071.1(430)(092) |
||
| 080 |
_aНемски и френски поет, художник, график и скулптор(1886-1966) _b929 Арп, Ханс _z929 Арп, Ханс |
||
| 139 |
_aХанс Арп _bА 87 |
||
| 245 | 1 | 0 |
_aХанс Арп _b1886 - 1966: Скульптура, графика |
| 257 | _aDEU | ||
| 260 |
_bГос. муз. изобразителных искусств имени А.С.Пушкина _c1990 |
||
| 300 |
_a194 с _bс ил _c28 см |
||
| 380 | _a7 | ||
| 600 | 1 | 4 |
_aАрп, Ханс _9282492 |
| 650 | 4 |
_aСкулптори, немски - биографии _9282493 |
|
| 650 | 4 |
_aГрафици, немски _9281600 |
|
| 650 | 4 |
_aАрп, Ханс _9282492 |
|
| 653 | _aХанс Арп | ||
| 653 | _aнемски скулптори | ||
| 653 | _aнемски графици | ||
| 653 | _aбиографии | ||
| 852 | _aЦб Гр А ІІ 3995 | ||
| 856 | 4 | _qpdf | |
| 856 | 4 | _qpdf | |
| 942 |
_cKNG _n0 |
||
| 944 |
_aCR _c01.01.1999 _k30553 _lИваничка Йорданова |
||
| 944 |
_aED _c07.02.2017 _kЛили_Борисова |
||
| 999 |
_c49020 _d49020 |
||
| 999 | _d49020 | ||